| 000 | 01078nam a22003257a 4500 | ||
|---|---|---|---|
| 003 | CHAP | ||
| 005 | 20220329140212.0 | ||
| 008 | 971013s1987 r 00010 d | ||
| 010 | _a48497 | ||
| 011 | _a49469 | ||
| 035 | _a53618 | ||
| 040 | _cCHAP | ||
| 090 | _aTesis | ||
| 100 | 0 | 0 |
_aSalinas Urquieta, María Eugenia. _9101718 |
| 245 |
_aSituación actual del cooperativismo campesino en Chile _b: período 1973-1986 |
||
| 260 |
_aChapingo, Méx. : _bEl autor, _c1987 |
||
| 300 | _a132 h. | ||
| 502 | _aTesis (Ing. Agr. Esp. en Sociología Rura) -- UACH. Depto. de Sociología Rural | ||
| 590 |
_aALEPH _b10 _c20130110 _lUCH01 _h1320 |
||
| 590 |
_aBATCH-UPD _b10 _c20130110 _lUCH01 _h0050 |
||
| 590 |
_aBATCH-UPD _b10 _c20130110 _lUCH01 _h2302 |
||
| 590 |
_aBATCH-UPD _b10 _c20130409 _lUCH01 _h2037 |
||
| 590 |
_aBATCH-UPD _b10 _c20130914 _lUCH01 _h0827 |
||
| 590 |
_aCONVERSION _b10 _c20130109 _lUCH01 _h1326 |
||
| 650 | 1 | 4 |
_aCampesinado _xChile. _918003 |
| 650 | 1 | 4 |
_aCooperativismo _xChile. _927793 |
| 901 | _aBK | ||
| 942 | _cTESIS | ||
| 949 |
_bBC _cTES _d-118787 _eTS1 _i53618 _si |
||
| 999 |
_c48497 _d48497 |
||